000 00954nas a2200289 4500
001 BR2013000972
003 BR-BrBNA
005 20231205121906.0
007 ta
008 230509b bl.|||p| |||| 00| 00por d
040 _aBR-BrBNA
_bpor
_cBiblioteca Nacional de Agricultura
041 _a(Pt)
072 _aQ04; Q02; U10
100 1 _aFerrari, C.C.
100 1 _aRodrigues, L.K.
100 1 _aTonon, R.V.
100 1 _aHubinger, M.D.
245 1 _aCinética de transferência de massa de melão desidratado osmoticamente em soluções de sacarose e maltose
650 _aCUCUMIS MELO
650 _aDESIDRATAÇÃO OSMÓTICA
650 _aOSMOSE
650 _aMÉTODO ESTATÍSTICO
773 0 _tCiência e Tecnologia de Alimentos (Brazil)
_xISSN 1678-457X
_g(Jul-Sep 2005), V. 25(3) p. 564-570
_wBR2013000972
856 4 0 _uhttp://www.scielo.br/pdf/cta/v25n3/27028.pdf
909 _a202311
_bLúcia
_c55
_dLúcia Elande
942 _2AGRIS
_n0
_cANA
999 _c225790
_d225790